La narrativa breve de Gabriel Miró y antología de cuentos / (Record no. 5881)

MARC details
000 -LEADER
campo de control de longitud fija 00934nam a2200301 i 4500
001 - NÚMERO DE CONTROL
campo de control 5881
003 - IDENTIFICADOR DE NÚMERO DE CONTROL
campo de control ES-MaACL
005 - FECHA Y HORA DE LA ÚLTIMA TRANSACCIÓN
campo de control 20250830052203.0
008 - DATOS DE LONGITUD FIJA--INFORMACIÓN GENERAL
campo de control de longitud fija 890612s1988 sp |||| | spa d
020 ## - NÚMERO INTERNACIONAL ESTÁNDAR DEL LIBRO
Número Internacional Estándar del Libro 84-7658-102-5
080 ## - NÚMERO DE LA CLASIFICACIÓN DECIMAL UNIVERSAL
Número de la Clasificación Decimal Universal 860 Miró, Gabriel 1.06
080 ## - NÚMERO DE LA CLASIFICACIÓN DECIMAL UNIVERSAL
Número de la Clasificación Decimal Universal 860-32"19"
100 1# - ENTRADA PRINCIPAL--NOMBRE DE PERSONA
Nombre de persona Altisent, Marta.
9 (RLIN) 20547
245 13 - MENCIÓN DEL TÍTULO
Título La narrativa breve de Gabriel Miró y antología de cuentos /
Mención de responsabilidad, etc. Marta Altisent.
246 30 - FORMA VARIANTE DEL TITULO
Título propio/Titulo breve Antología de cuentos
250 ## - MENCION DE EDICION
Mención de edición 1ª ed.
260 ## - PUBLICACIÓN, DISTRIBUCIÓN, ETC.
Lugar de publicación, distribución, etc. Barcelona :
Nombre del editor, distribuidor, etc. Anthropos,
Fecha de publicación, distribución, etc. 1988.
300 ## - DESCRIPCIÓN FÍSICA
Extensión 319 p. ;
Dimensiones 20 cm.
490 1# - MENCIÓN DE SERIE
Mención de serie Ámbitos literarios. Ensayo ;
Designación de volumen o secuencia 24
500 ## - NOTA GENERAL
Nota general Apéndices.
504 ## - NOTA DE BIBLIOGRAFÍA, ETC.
Nota de bibliografía, etc. Bibliografía: p. 299-308.
600 14 - PUNTO DE ACCESO ADICIONAL DE MATERIA--NOMBRE DE PERSONA
Nombre de persona Miró, Gabriel-
Subdivisión general Crítica e interpretación.
9 (RLIN) 81603
700 1# - ENTRADA AGREGADA--NOMBRE PERSONAL
Nombre de persona Miró, Gabriel.
9 (RLIN) 81602
830 00 - PUNTO DE ACCESO ADICIONAL DE SERIE-TÍTULO UNIFORME
Título uniforme Ámbitos literarios.
Nombre de parte o sección de la obra Ensayo
Designación de volumen o secuencia 24
9 (RLIN) 236239
852 ## - LOCALIZACIÓN
Ubicación ES-MaACL
Número de control de estantería L-13036
942 ## - ELEMENTOS DE ENTRADA SECUNDARIOS (KOHA)
Fuente del sistema de clasificación o colocación Clasificación decimal universal
Holdings
Estatus retirado Estado de pérdida Estado de daño No para préstamo Biblioteca de origen Biblioteca actual Ubicación en estantería Fecha de adquisición Fuente de adquisición Total de préstamos Signatura topográfica completa Código de barras Visto por última vez Precio de reemplazo Tipo de ítem Koha
        Biblioteca del Ateneo de Madrid Biblioteca del Ateneo de Madrid Depósito 2 17/01/2008     L-13036 1005975 23/02/2023 23/02/2023 Libro impreso